| 000 | 00718nam a22002297a 4500 | ||
|---|---|---|---|
| 999 |
_c21208 _d21208 |
||
| 003 | AR-CdUCM | ||
| 008 | 190430b ||||| |||| 00| 0 spa d | ||
| 040 |
_aMUNICIPALIDAD PROVINCIAL DEL CUSCO _cBIBLIOTECA MUNICIPAL DEL CUSCO |
||
| 082 |
_a869.56 / CH19 _bCH19 |
||
| 100 |
_aChambi Sotomayor, Eloy _944300 |
||
| 245 | _aEl sastre del diablo y otros relatos / | ||
| 260 |
_aCusco : _bSieteculebras, _c2017. |
||
| 300 |
_a59 paginas ; _c19 cm. |
||
| 505 | _aContenido : Cuentos breves. | ||
| 650 |
_aLiteratura peruana _9169 |
||
| 650 |
_aLiteratos cusqueños _944145 |
||
| 650 |
_aLiteratura cusqueña _944146 |
||
| 650 |
_aCuentos _944147 |
||
| 650 |
_aSiglo XXI _944299 |
||
| 942 |
_2ddc _cLIBROS |
||
| 945 | _aRoel | ||